[Event "Talking Chess Match Blitz"]
[Site "Tehran IRI"]
[Date "2013.03.12"]
[Round "2"]
[White "Ghaem Maghami,E"]
[Black "Short,N"]
[Result "0-1"]
[WhiteElo "2568"]
[BlackElo "2697"]

1.e4 e5 2.Nf3 Nc6 3.Bb5 a6 4.Ba4 Nf6 5.d3 d6 6.c3 g6 7.O-O Bg7 8.Re1 O-O
9.Nbd2 Nh5 10.Nf1 h6 11.h3 Kh7 12.Be3 Qf6 13.d4 Nf4 14.N1h2 h5 15.Qd2 b5
16.Bc2 g5 17.h4 gxh4 18.Bxf4 Qxf4 19.Qxf4 exf4 20.e5+ Kg8 21.exd6 cxd6 22.Be4 Bd7
23.Nxh4 Rac8 24.Bf5 Rfd8 25.a3 Na5 26.Re2 Nc4 27.Rae1 Bf6 28.Bxd7 Rxd7 29.N4f3 a5
30.Nf1 Kg7 31.Rb1 b4 32.axb4 axb4 33.Ne1 Rb7 34.Ra1 bxc3 35.bxc3 Rb3 36.Rc2 Na3
37.Rca2 Nb5 38.Ra5 Nxc3 39.Nf3 Ne2+ 40.Kh2 Nxd4 41.Nxd4 Bxd4 42.Rd1 Be5 43.Kg1 Rc2
44.Nd2 Rd3  0-1

[Event "Talking Chess Match Rapid"]
[Site "Tehran IRI"]
[Date "2013.03.12"]
[Round "2"]
[White "Ghaem Maghami,E"]
[Black "Short,N"]
[Result "0-1"]
[WhiteElo "2568"]
[BlackElo "2697"]

1.e4 e5 2.Nf3 Nc6 3.Bb5 a6 4.Ba4 d6 5.d4 b5 6.Bb3 Nxd4 7.Nxd4 exd4 8.a4 Bb7
9.Qxd4 c5 10.Qe3 c4 11.Ba2 Nf6 12.Nc3 Be7 13.axb5 axb5 14.Nxb5 Bxe4 15.O-O O-O
16.Bd2 d5 17.b3 Rc8 18.Rac1 Re8 19.Bc3 Bc5 20.Qg5 Bg6 21.bxc4 d4 22.Rfd1 h6
23.Qf4 Re4 24.Qd2 Bh5 25.Ba5 Qd7 26.Re1 Rce8 27.Nc7 Rxe1+ 28.Rxe1 Rxe1+ 29.Qxe1 Qf5
30.Bb1 Ne4 31.Na6 Ba7 32.c5 Nxc5 33.Nxc5 Bxc5 34.Bb4 Bg6 35.Bxc5 Qxc5 36.Qd1 Qc3
37.h3 Kh7 38.Kh2 Be4 39.Qe2 Bf5 40.Qe5 Bg6 41.Qe2 Qb2 42.Qd1 Be4 43.Kg1 f5
44.Kh2 f4 45.f3 Bf5 46.Kh1 Kg6 47.Qe1 Kf6 48.Qd1 Qc3 49.Kh2 g5 50.Qe2 Qb2
51.Qd1 h5 52.Qe1 Bxc2 53.Bxc2 Qxc2 54.Qe8 d3 55.Qd8+ Ke6 56.Qxg5 d2 57.Qh6+ Kd5
58.Qg5+ Kc4 59.Qxf4+ Kb3 60.Qf7+ Qc4 61.Qb7+  0-1

[Event "Talking Chess Match Blitz"]
[Site "Tehran IRI"]
[Date "2013.03.12"]
[Round "3"]
[White "Short,N"]
[Black "Ghaem Maghami,E"]
[Result "0-1"]
[WhiteElo "2697"]
[BlackElo "2568"]

1.d4 Nf6 2.c4 e6 3.Nc3 Bb4 4.e3 O-O 5.Ne2 d5 6.a3 Be7 7.Ng3 dxc4 8.Bxc4 a6
9.b4 c6 10.O-O a5 11.Rb1 Nd5 12.Nxd5 exd5 13.Bd3 Nd7 14.Nf5 Nf6 15.Nxe7+ Qxe7
16.b5 Bd7 17.a4 Rfc8 18.Qb3 Ne4 19.Ba3 Qg5 20.bxc6 Bh3 21.g3 bxc6 22.Rfd1 Qf6
23.f4 Bf5 24.Qc2 h5 25.Rdc1 Qg6 26.Rb3 h4 27.Qg2 h3 28.Qe2 Nxg3 29.hxg3 Qxg3+
30.Kh1 Bg4 31.Rg1 Bf3+ 32.Qxf3 Qxf3+ 33.Kh2 Qf2+ 34.Kh1 Rab8  0-1

[Event "Talking Chess Match Rapid"]
[Site "Tehran IRI"]
[Date "2013.03.12"]
[Round "3"]
[White "Short,N"]
[Black "Ghaem Maghami,E"]
[Result "0-1"]
[WhiteElo "2697"]
[BlackElo "2568"]

1.e4 c5 2.Nc3 a6 3.f4 b5 4.Nf3 Bb7 5.d3 e6 6.Qe2 Be7 7.g3 d5 8.Bg2 b4 9.Nd1 Nf6
10.e5 Nfd7 11.c4 Nb6 12.O-O a5 13.Be3 a4 14.Nf2 N8d7 15.Rac1 Qb8 16.h4 Bc6
17.f5 exf5 18.Bf4 Qc8 19.e6 fxe6 20.Qxe6 Nf6 21.Qe2 Ra7 22.d4 O-O 23.dxc5 Bxc5
24.cxd5 Bxd5 25.Kh1 Re8 26.Qb5 Nfd7 27.Nd3 Bc6 28.Rxc5 Bxb5 29.Rxc8 Rxc8
30.Rd1 Bxd3 31.Rxd3 Nc5 32.Rd4 Ne6 33.Rxb4 Nd5 34.Rb8 Rxb8 35.Bxb8 Ra5 36.Be5 Ne3
37.Bh3 Rc5 38.Kg1 Rc1+ 39.Kf2 Ng4+ 40.Bxg4 fxg4 41.Nd2 Rc2 42.Ke3 Rc5 43.Ke4 Kf7
44.Nf1 h5 45.Ne3 g5 46.Nd5 gxh4 47.gxh4 Rc4+ 48.Kf5 Ng7+ 49.Bxg7 Kxg7 50.Nf4 Kh6  0-1

[Event "Talking Chess Match Blitz"]
[Site "Tehran IRI"]
[Date "2013.03.12"]
[Round "4"]
[White "Ghaem Maghami,E"]
[Black "Short,N"]
[Result "1-0"]
[WhiteElo "2568"]
[BlackElo "2697"]

1.e4 e6 2.d4 d5 3.Nd2 h6 4.Ngf3 Nf6 5.Bd3 c5 6.e5 Nfd7 7.c3 Nc6 8.O-O g5
9.dxc5 Nxc5 10.Bb5 Bg7 11.Re1 Nd7 12.Nf1 g4 13.Nd4 Ncxe5 14.Bf4 O-O 15.Bxd7 Nxd7
16.Qxg4 Nf6 17.Qe2 Ne4 18.Nf3 f6 19.Rad1 Qe8 20.Be3 f5 21.Bf4 e5 22.Bxe5 Bxe5
23.Nxe5 Qxe5 24.f3 Be6 25.fxe4 dxe4 26.Qe3 Kh7 27.Ng3 Rg8 28.Rf1 Rg4 29.Qd4 Qxd4+
30.Rxd4 Rf8 31.Nxe4 Bxa2 32.Nf6+ Rxf6 33.Rxg4 Bd5 34.Rgf4 Kg6 35.g4 Be6 36.Kg2 Rf7
37.Kg3 b6 38.Kh4 a5 39.c4 fxg4 40.Rxf7 Bxf7 41.b3 h5 42.Rd1 Kf5 43.Rd6 Ke5
44.Rxb6 Kd4 45.Rb5 a4 46.bxa4 Kxc4 47.Rxh5  1-0

[Event "Talking Chess Match Rapid"]
[Site "Tehran IRI"]
[Date "2013.03.12"]
[Round "4"]
[White "Ghaem Maghami,E"]
[Black "Short,N"]
[Result "0-1"]
[WhiteElo "2568"]
[BlackElo "2697"]

1.e4 e5 2.Nf3 Nc6 3.Bb5 a6 4.Ba4 d6 5.O-O Bd7 6.c3 g6 7.d4 Bg7 8.Bg5 Nge7
9.d5 Nb8 10.c4 h6 11.Bxe7 Qxe7 12.Qb3 b6 13.Bxd7+ Nxd7 14.Nc3 O-O 15.Qc2 f5
16.b4 h5 17.Na4 Bh6 18.Rae1 Qf7 19.Nd2 a5 20.bxa5 Rxa5 21.Nc3 Bxd2 22.Qxd2 f4
23.f3 Nc5 24.g3 Kh7 25.Re2 Qf6 26.Rg2 fxg3 27.hxg3 Ra3 28.Rgf2 g5 29.Kg2 Kg6
30.Qc1 Rfa8 31.Qc2 h4 32.gxh4 Qf4 33.Ne2 Qe3 34.h5+ Kh7 35.Qc1 Qxc1 36.Nxc1 Rc3
37.Rd2 Rxc4 38.Kh3 Rf8 39.Kg2 g4 40.Ne2 gxf3+ 41.Rxf3 Rxf3 42.Kxf3 Nxe4 43.Rb2 Kh6
44.Ke3 Nf6 45.Kd3 Rg4 46.Nc3 Nxd5  0-1

[Event "Talking Chess Match Blitz"]
[Site "Tehran IRI"]
[Date "2013.03.12"]
[Round "5"]
[White "Short,N"]
[Black "Ghaem Maghami,E"]
[Result "1-0"]
[WhiteElo "2697"]
[BlackElo "2568"]

1.e4 c5 2.Nf3 d6 3.d4 cxd4 4.Nxd4 Nf6 5.Nc3 a6 6.a4 e5 7.Nf3 Be7 8.Bg5 Be6
9.Bxf6 Bxf6 10.Nd5 Nd7 11.c3 O-O 12.a5 Nc5 13.Nxf6+ gxf6 14.Qc2 Nb3 15.Rd1 Nxa5
16.Nd2 Kh8 17.Be2 Rg8 18.O-O Rc8 19.Kh1 Qb6 20.f4 exf4 21.Rde1 Nc6 22.Qc1 Ne5
23.Rxf4 Rg6 24.Nf3 Rcg8 25.Nh4 Rg5 26.Rxf6 a5 27.Ref1 a4 28.Rh6 R8g7 29.g3 Qc6
30.Qf4 Qe8 31.Nf5 Bxf5 32.exf5 Qc6+ 33.Kg1 Qc5+ 34.Qd4 Qxd4+ 35.cxd4 Nc6
36.Rxd6 Rg8 37.Bc4 Rf8 38.f6 Rg4 39.Rf4 Rxf4 40.gxf4 h6 41.Kf2 Kh7 42.Bd3+ Kg8
43.Be4 Na5 44.Bd5 b5 45.Rb6 Nc4 46.Rxb5 Nd6 47.Rb6 Rd8 48.Kf3 Kh7 49.Be4+ Kg8
50.Rb4 Ne8 51.Rxa4 Nxf6 52.Ra8 Rxa8 53.Bxa8 Kf8 54.b4 Ke7 55.b5 Kd6 56.Be4 Kc7
57.Bd3 Kb6 58.Bc4 Ka5 59.f5  1-0

[Event "Talking Chess Match Blitz"]
[Site "Tehran IRI"]
[Date "2013.03.12"]
[Round "6"]
[White "Ghaem Maghami,E"]
[Black "Short,N"]
[Result "1/2-1/2"]
[WhiteElo "2568"]
[BlackElo "2697"]

1.e4 Nf6 2.e5 Nd5 3.d4 d6 4.c4 Nb6 5.f4 dxe5 6.fxe5 Bf5 7.Nc3 e6 8.Be3 Bb4
9.Nf3 Nc6 10.Bd3 Bxc3+ 11.bxc3 Bxd3 12.Qxd3 Na5 13.c5 Nbc4 14.O-O h6 15.Bf2 b6
16.Qe4 Qd5 17.Qg4 O-O-O 18.Qxg7 Rhg8 19.Qf6 Nd2 20.Bg3 Nxf1 21.Rxf1 bxc5
22.Qxh6 cxd4 23.cxd4 Nc6 24.Rd1 Qxa2 25.Qf4 Rd7 26.h4 Nb4 27.Ng5 Nd5 28.Qf3 a5
29.Ne4 a4 30.Nf6 Rdd8 31.Nxg8 Rxg8 32.Bf2 f5 33.exf6 Rf8 34.f7 a3 35.Re1 Qb2
36.Rxe6 Qb5 37.Re8+ Rxe8 38.fxe8=Q+ Qxe8 39.Qxd5 Qa4 40.Qg8+ Kb7 41.Qa2 Qb4
42.h5 Qb2 43.Qd5+ Kb8 44.Qg8+ Kb7 45.Qd5+ Kb8 46.Qg8+ Kb7 47.Qd5+ Kb8  1/2-1/2

[Event "Talking Chess Match Blitz"]
[Site "Tehran IRI"]
[Date "2013.03.12"]
[Round "7"]
[White "Short,N"]
[Black "Ghaem Maghami,E"]
[Result "1/2-1/2"]
[WhiteElo "2697"]
[BlackElo "2568"]

1.e4 c5 2.Nc3 a6 3.f4 b5 4.Nf3 Bb7 5.d3 g6 6.g3 b4 7.Ne2 d5 8.exd5 Bxd5 9.Bg2 Bg7
10.a3 Nc6 11.O-O Nf6 12.c4 bxc3 13.Nxc3 O-O 14.Be3 Rb8 15.Qd2 Nd4 16.Bxd4 cxd4
17.Nxd5 Nxd5 18.Rfc1 Qb6 19.b4 Nc3 20.Re1 e6 21.Ne5 Bxe5 22.Rxe5 Rbc8 23.h4 Rc7
24.h5 Kg7 25.Rae1 Rfc8 26.g4 Nd5 27.Bxd5 Rc2 28.Qd1 exd5 29.Qf3 Rc1 30.g5 gxh5
31.f5 Rxe1+ 32.Rxe1 Qd6 33.Re2 h4 34.Kg2 Qg3+ 35.Qxg3 hxg3 36.a4 Rc3 37.Rb2 Rxd3
38.b5 axb5 39.axb5 Rc3 40.b6 d3 41.Rb1 d2 42.b7 d1=Q 43.Rxd1 Rb3 44.Rxd5 Rxb7  1/2-1/2

[Event "Talking Chess Match Blitz"]
[Site "Tehran IRI"]
[Date "2013.03.12"]
[Round "8"]
[White "Ghaem Maghami,E"]
[Black "Short,N"]
[Result "0-1"]
[WhiteElo "2568"]
[BlackElo "2697"]

1.e4 e5 2.Nf3 Nc6 3.Bb5 a6 4.Ba4 d6 5.O-O Bd7 6.d4 b5 7.Bb3 exd4 8.c3 dxc3
9.Qd5 Qe7 10.Nxc3 Nf6 11.Qd1 Ne5 12.Bg5 c6 13.Nd4 h6 14.Bh4 g5 15.Bg3 Bg7
16.h4 g4 17.Re1 Nh5 18.Bh2 Qxh4 19.Nf5 Bxf5 20.exf5 O-O 21.Qxd6 Rad8 22.Qc7 g3
23.fxg3 Nxg3 24.Ne2 Nxe2+ 25.Rxe2 Ng4 26.Qg3 Bd4+ 27.Kh1 Qg5 28.Rf1 Kh8 29.Re4 h5
30.Qf4 Qxf4 31.Bxf4 Nf2+ 32.Rxf2 Bxf2 33.g3 c5 34.Kg2 Bd4 35.Re7 c4 36.Bd1 Bf6
37.Re1 Bxb2 38.Bxh5 Kg7 39.g4 Rfe8 40.Rh1 Rd4 41.Kf3 c3 42.g5 Rxf4+ 43.Kxf4 c2
44.f6+ Kg8 45.Bxf7+ Kxf7 46.Rh7+ Ke6  0-1

[Event "13th BCC Open 2013"]
[Site "Pattaya THA"]
[Date "2013.04.15"]
[Round "3.1"]
[White "Saptarshi,R"]
[Black "Short,N"]
[Result "1-0"]
[WhiteElo "2426"]
[BlackElo "2697"]

1.d4 Nf6 2.Nf3 b6 3.e3 Bb7 4.Bd3 c5 5.O-O g6 6.c4 Bg7 7.Nc3 cxd4 8.exd4 d5
9.c5 bxc5 10.Bb5+ Nfd7 11.dxc5 a6 12.Ba4 O-O 13.Be3 e6 14.Rc1 Nc6 15.Re1 Rc8
16.Bxc6 Bxc6 17.b4 Re8 18.a4 Ba8 19.Qd3 e5 20.Qxa6 d4 21.Bg5 f6 22.Qc4+ Kh8
23.Nb5 Bxf3 24.Nd6 Rf8 25.Nxc8 fxg5 26.Nd6 e4 27.Nf7+ Rxf7 28.Qxf7 Ne5 29.Qb7 d3
30.c6 e3 31.c7 exf2+ 32.Kh1 Qf8 33.gxf3 fxe1=Q+ 34.Rxe1 d2 35.Rd1  1-0

[Event "13th BCC Open 2013"]
[Site "Pattaya THA"]
[Date "2013.04.17"]
[Round "5.8"]
[White "Juhasz,Kr"]
[Black "Short,N"]
[Result "1/2-1/2"]
[WhiteElo "2330"]
[BlackElo "2697"]

1.d4 e6 2.Nf3 c5 3.e3 Nf6 4.c4 a6 5.Nc3 d5 6.cxd5 exd5 7.Be2 b5 8.dxc5 Bxc5
9.O-O O-O 10.b3 Bb7 11.Bb2 Nbd7 12.Rc1 Rc8 13.Bd3 Ne4 14.Bb1 Ndf6 15.Ne2 Re8
16.Ned4 Bf8 17.Rxc8 Bxc8 18.Qc2 b4 19.h3 Bd7 20.Rc1 Qa8 21.Qe2 Bd6 22.Bd3 Rc8
23.Rxc8+ Bxc8 24.Qc2 Bd7 25.Qc1 Nc5 26.Bf5 Qc8 27.Qc2 Nfe4 28.Bxd7 Qxd7 29.a3 Qb7
30.Nf5 Bf8 31.a4 Qd7 32.N5d4 Bd6 33.Ne2 h5 34.Be5 Bxe5 35.Nxe5 Qf5 36.f4 Qf6
37.Ng3 g6 38.Nxe4 Nxe4 39.Qc8+ Kg7 40.Qc6 Qh4 41.Nd3 Qg3 42.Qb6 a5 43.Qd4+ Kg8
44.Qa7 h4 45.Ne5 Qe1+ 46.Kh2 Qg3+ 47.Kg1 Qe1+ 48.Kh2 Qg3+  1/2-1/2

[Event "13th BCC Open 2013"]
[Site "Pattaya THA"]
[Date "2013.04.19"]
[Round "7.6"]
[White "Sriram,J"]
[Black "Short,N"]
[Result "0-1"]
[WhiteElo "2421"]
[BlackElo "2697"]

1.d4 Nf6 2.c4 d6 3.Nc3 Nbd7 4.g3 e5 5.Bg2 a6 6.Nf3 Rb8 7.a4 exd4 8.Nxd4 a5
9.O-O Be7 10.Nd5 Nxd5 11.cxd5 Bf6 12.Nb5 Nc5 13.Qc2 Bd7 14.Be3 b6 15.Nd4 O-O
16.Nc6 Bxc6 17.dxc6 Re8 18.Rad1 Rxe3 19.fxe3 Qe7 20.Bd5 Qxe3+ 21.Kh1 Re8
22.b3 Qxe2 23.Qxe2 Rxe2 24.Rde1 Rxe1 25.Rxe1 Kf8 26.Kg2 Nd3 27.Rd1 Nb4 28.Kf3 Be5
29.h3 h5 30.g4 hxg4+ 31.hxg4 Nxd5 32.Rxd5 Ke7 33.Ke4 Ke6 34.Rd1 f6 35.Kd3 d5
36.Rc1 f5 37.gxf5+ Kxf5 38.Rf1+ Ke6 39.Rf2 Kd6 40.Rc2 g5 41.Ke3 Bf4+ 42.Kd4 g4
43.Re2 g3 44.Rc2 Ke6 45.Re2+ Kf5 46.Kxd5 Bd6 47.Kd4 Bc5+ 48.Kd3 Kf4 49.Re4+ Kf3
50.Re6 g2 51.Rf6+ Kg3 52.Rg6+ Kf2 53.b4 axb4  0-1

[Event "13th BCC Open 2013"]
[Site "Pattaya THA"]
[Date "2013.04.21"]
[Round "9.8"]
[White "Short,N"]
[Black "Czebe,A"]
[Result "1-0"]
[WhiteElo "2697"]
[BlackElo "2479"]

1.c4 e5 2.Nc3 Nf6 3.g3 Bb4 4.Bg2 O-O 5.Qb3 Bxc3 6.Qxc3 Nc6 7.b4 d5 8.b5 Nd4
9.f4 Bf5 10.d3 dxc4 11.fxe5 cxd3 12.exf6 dxe2 13.Nf3 Nc2+ 14.Kf2 Nxa1 15.Qxa1 Re8
16.Re1 Qd5 17.a4 Rad8 18.Qc3 Qe6 19.fxg7 Bd3 20.Qc5 a6 21.Ng5 Qf6+ 22.Nf3 axb5
23.axb5 Qe6 24.Bf4 Rd5 25.Qxc7 Rxb5 26.Nd4 Qb6 27.Qc3 Rb3 28.Qa1 Ra3 29.Qxa3 Qxd4+
30.Kf3 Be4+ 31.Kxe2 Bxg2+ 32.Be3 Qg4+ 33.Kf2 Be4 34.Bh6 Qf5+ 35.Kg1  1-0

[Event "Spicenet Tanzania Open"]
[Site "Dar es Salaam TAN"]
[Date "2013.06.15"]
[Round "3.1"]
[White "Hamoulhadj,F"]
[Black "Short,N"]
[Result "0-1"]
[WhiteElo "2128"]
[BlackElo "2682"]

1.d4 e6 2.c4 b6 3.Nf3 Bb7 4.g3 Bb4+ 5.Bd2 Bxf3 6.exf3 Bxd2+ 7.Qxd2 d5 8.Bg2 Ne7
9.f4 c6 10.b3 Nf5 11.cxd5 cxd5 12.Nc3 Nc6 13.Ne2 Qf6 14.Rd1 Rc8 15.O-O O-O
16.Qb2 Rc7 17.Rd2 Rfc8 18.Rfd1 h5 19.h3 a5 20.a3 h4 21.g4 Nd6 22.Rc2 Nxd4
23.Rcd2 Nxe2+ 24.Rxe2 Qxf4 25.Rd4 Rc1+ 26.Bf1 Ne4 27.Kg2 R8c3  0-1

[Event "Spicenet Tanzania Open"]
[Site "Dar es Salaam TAN"]
[Date "2013.06.15"]
[Round "4.1"]
[White "Short,N"]
[Black "Ateka,N"]
[Result "1-0"]
[WhiteElo "2682"]
[BlackElo "2147"]

1.e4 d5 2.exd5 Qxd5 3.Nc3 Qa5 4.Bc4 Nf6 5.d3 c6 6.Bd2 Qc7 7.Qe2 Nbd7 8.a3 Nb6
9.Ba2 Bg4 10.Nf3 e6 11.h3 Bh5 12.g4 Bg6 13.O-O-O Bd6 14.Rde1 O-O-O 15.Ne5 Bxe5
16.Qxe5 Qxe5 17.Rxe5 Nbd5 18.f4 Nxc3 19.Bxc3 Nd5 20.Bxd5 cxd5 21.Bd4 a6 22.f5 exf5
23.gxf5 f6 24.Re7 Bxf5 25.Rxg7 Rdg8 26.Bxf6 Rxg7 27.Bxg7 Rg8 28.Be5 Kd7 29.h4 h5
30.Bf4 Rg2 31.Bg5 Bg4 32.Rf1 Re2 33.a4 Re8 34.b3 Kc6 35.Kb2 Kd6 36.Rf6+ Kc5
37.a5 Re6 38.Rf7 b6 39.axb6 Kxb6 40.Bd8+ Kc6 41.Ra7 Kc5 42.Kc3 d4+ 43.Kd2 Rc6
44.Rf7 Kd5 45.Rf1 Ke6 46.Bf6 Kd5 47.Bg5 Rc8 48.Ra1 Rc6 49.Kc1 Bd7 50.Ra5+ Rc5
51.Rxa6 Bf5 52.Kd2 Rc6 53.Ra4 Bg4 54.Ra5+ Rc5 55.Ra1 Rc6 56.Rf1 Re6 57.Bf6 Re2+
58.Kc1  1-0

[Event "Spicenet Tanzania Open"]
[Site "Dar es Salaam TAN"]
[Date "2013.06.16"]
[Round "5.1"]
[White "L'Ami,Alina"]
[Black "Short,N"]
[Result "0-1"]
[WhiteElo "2345"]
[BlackElo "2682"]

1.d4 Nc6 2.c4 e5 3.d5 Nce7 4.e4 Ng6 5.g3 Bc5 6.Nc3 a5 7.h4 h6 8.h5 Nf8 9.f4 d6
10.f5 Nf6 11.Bd3 c6 12.Qe2 a4 13.a3 N8d7 14.g4 Qb6 15.Nh3 Bd4 16.g5 hxg5
17.Nxg5 Nc5 18.Bc2 Bd7 19.Rb1 cxd5 20.Nxd5 Nxd5 21.exd5 Nb3 22.Bxb3 Qxb3
23.Rh3 Qb6 24.Qg4 O-O-O 25.Nxf7 Rhf8 26.Qg6 Bxf5 27.Qxf5+ Rd7 28.h6 gxh6
29.Rxh6 Rxf7 30.Rh8+ Kc7 31.Qe6 Bc3+ 32.bxc3 Qg1+  0-1

[Event "Spicenet Tanzania Open"]
[Site "Dar es Salaam TAN"]
[Date "2013.06.16"]
[Round "6.1"]
[White "Short,N"]
[Black "Emojong,Elijah"]
[Result "1-0"]
[WhiteElo "2682"]
[BlackElo "2301"]

1.e4 c5 2.b3 Nc6 3.Bb2 e6 4.Nf3 d5 5.exd5 Qxd5 6.Nc3 Qd8 7.Ne4 Nf6 8.Nxf6+ gxf6
9.Qe2 e5 10.g3 Bf5 11.O-O-O Qa5 12.Qb5 Qxb5 13.Bxb5 Be4 14.Be2 Nd4 15.Nxd4 cxd4
16.Rhe1 Bc6 17.f4 Bg7 18.Rf1 O-O 19.Rf2 b5 20.Rdf1 a5 21.a3 Rac8 22.Kb1 Be4
23.d3 Bd5 24.Bf3 Bxf3 25.Rxf3 Rc7 26.g4 Rfc8 27.R1f2 Re8 28.Re2 Rd8 29.Bc1 Rc5
30.Bd2 a4 31.b4 Rc6 32.h4 Rdc8 33.Bc1 h6 34.Ref2 R8c7 35.Kb2 Rb7 36.Kb1 Rbc7
37.h5 Ra6 38.fxe5 fxe5 39.g5 hxg5 40.Bxg5 Re6 41.Rf5 Rb7 42.Kc1 Rc7  1-0

[Event "8th Edmonton Int"]
[Site "Edmonton CAN"]
[Date "2013.06.29"]
[Round "7.2"]
[White "Gardner,R"]
[Black "Short,N"]
[Result "0-1"]
[WhiteElo "2213"]
[BlackElo "2682"]

1.d4 Nf6 2.c4 e6 3.Nc3 Bb4 4.e3 b6 5.Ne2 Ne4 6.Bd2 Nxd2 7.Qxd2 Nc6 8.a3 Be7
9.Nf4 Bb7 10.Bd3 e5 11.dxe5 Nxe5 12.Be2 O-O 13.O-O Re8 14.Nfd5 Bf8 15.f4 Ng6
16.e4 d6 17.Rae1 a6 18.Bd3 c6 19.Ne3 b5 20.Nf5 Ne7 21.Nxe7+ Bxe7 22.cxb5 axb5
23.Bb1 Qb6+ 24.Kh1 b4 25.axb4 Qxb4 26.Qc2 g6 27.f5 Ba6 28.fxg6 hxg6 29.Rf3 Bc4
30.e5 Bf8 31.Re4 Rxe5 32.h4 Rxe4 33.Qxe4 d5 34.Qf4 Qe7 35.h5 Bg7 36.g3 gxh5
37.Qf5 d4 38.Qh7+ Kf8 39.Ne4 Ra1  0-1

[Event "50th Canadian Open 2013"]
[Site "Ottawa CAN"]
[Date "2013.07.18"]
[Round "7"]
[White "Gerzhoy,L"]
[Black "Short,N"]
[Result "0-1"]
[WhiteElo "2462"]
[BlackElo "2688"]

1.d4 Nf6 2.Nf3 d5 3.c4 e6 4.Nc3 Nbd7 5.Bg5 h6 6.Bh4 Be7 7.e3 O-O 8.Rc1 Re8
9.Bd3 dxc4 10.Bxc4 a6 11.a4 c5 12.O-O cxd4 13.exd4 Nb6 14.Bb3 Bd7 15.Ne5 Bc6
16.a5 Nbd5 17.Nxd5 Bxd5 18.Ba4 Qxa5 19.Bxe8 Rxe8 20.Bxf6 Bxf6 21.Qh5 Bxe5
22.dxe5 Qd2 23.Rc3 Qxb2 24.Rg3 Kf8 25.f4 Rc8 26.Qg4 Rc1 27.Qxg7+ Ke8 28.Rf3 Qd4+
29.Kh1 Qa1 30.Qh8+ Kd7  0-1

[Event "Indonesia Open 2013"]
[Site "Jakarta INA"]
[Date "2013.10.17"]
[Round "11.2"]
[White "Short,N"]
[Black "Moiseenko,A1"]
[Result "1-0"]
[WhiteElo "2684"]
[BlackElo "2703"]

1.e4 c5 2.b3 d6 3.Bb2 Nf6 4.Bb5+ Bd7 5.Bxd7+ Nbxd7 6.d3 g6 7.f4 Bg7 8.Nf3 O-O
9.O-O d5 10.Qe1 d4 11.Qh4 e5 12.fxe5 Nh5 13.Qxd8 Rfxd8 14.Nbd2 Nxe5 15.a4 Nf4
16.Nc4 Nxf3+ 17.Rxf3 Ne6 18.Bc1 b6 19.Bd2 Rab8 20.Be1 a6 21.Bg3 Rb7 22.h3 f6
23.Bh4 Rf8 24.a5 b5 25.Nb6 g5 26.Bg3 Kf7 27.Rf5 Rd8 28.Raf1 Kg6 29.Nd5 Rf8
30.Bd6 Rff7 31.e5 fxe5 32.Rxf7 Rxf7 33.Ne7+ Rxe7 34.Bxe7 h5 35.Kf2 Bf6 36.Bxf6 Kxf6
37.g3 h4 38.gxh4 gxh4 39.Rg1 Ng5 40.Rg4 Nxh3+ 41.Kf1 Nf4 42.Rxh4 Kg5 43.Rh8 Nd5
44.Ke1 Nb4 45.Kd1 Kf6 46.Rc8 Ke6 47.Rxc5 Kd6 48.Rc8 Nc6 49.Ra8 Nxa5 50.Rxa6+ Nc6
51.Kd2 Kc5 52.Ra8 Nb4 53.Rc8+ Kd6 54.Ke2 Nd5 55.Kf3 Nc3 56.Rxc3 dxc3 57.Ke4 b4
58.d4 exd4 59.Kxd4 Ke6 60.Kc4 Ke5 61.Kxb4 Kd4 62.Ka4 Ke3 63.b4  1-0

[Event "4NCL 2013-14"]
[Site "Hinckley ENG"]
[Date "2014.01.12"]
[Round "4.111"]
[White "Short,N"]
[Black "Morrison,G SCO"]
[Result "1-0"]
[WhiteElo "2680"]
[BlackElo "2351"]

1.d4 Nf6 2.c4 e6 3.Nc3 Bb4 4.e3 O-O 5.Bd3 d5 6.cxd5 exd5 7.Ne2 Re8 8.Bd2 Bf8
9.Rc1 c6 10.O-O g6 11.f3 c5 12.dxc5 Bxc5 13.Nb5 Qb6 14.Kh1 Nc6 15.Rxc5 Qxc5
16.Nc7 Be6 17.Nxa8 Rxa8 18.Bc3 Nd7 19.Nd4 Nde5 20.Bb1 Nc4 21.Re1 Nxd4 22.Bxd4 Qa5
23.Qe2 Rc8 24.Rd1 a6 25.Qf2 Nd6 26.g4 Ne8 27.h4 Qa4 28.Rg1 f6 29.f4 Bf7 30.f5 Qd7
31.Bd3 g5 32.Kg2 h6 33.Rh1 Qd6 34.Qe1 Kg7 35.a4 Rc4 36.hxg5 hxg5 37.Bxc4 dxc4
38.Kg1 Qd5 39.Qg3 Kf8 40.Rh8+ Ke7 41.Qg2  1-0

[Event "Gibraltar Masters 2014"]
[Site "Caleta ENG"]
[Date "2014.02.03"]
[Round "7.14"]
[White "Pogonina,N"]
[Black "Short,N"]
[Result "1/2-1/2"]
[WhiteElo "2495"]
[BlackElo "2683"]

1.e4 c6 2.d4 d5 3.e5 Bf5 4.Nf3 e6 5.Be2 h6 6.O-O Ne7 7.Nbd2 Nd7 8.Nb3 Bg6
9.a4 Nf5 10.a5 a6 11.c4 Be7 12.c5 O-O 13.h3 f6 14.g4 fxe5 15.gxf5 Bxf5 16.Kg2 Be4
17.Nd2 Bxf3+ 18.Nxf3 e4 19.Nh2 e5 20.f3 exd4 21.fxe4 Rxf1 22.Nxf1 Nxc5 23.exd5 Qxd5+
24.Bf3 Qd6 25.Kh1 Rf8 26.Ra3 Qe5 27.b4 Ne4 28.Qe2 Bd6 29.Kg1 Re8 30.Bxe4 Qxe4
31.Qxe4 Rxe4 32.Bd2 Re2 33.Rd3 Be5 34.Rf3 g5 35.Rf2 Re4 36.Kg2 Kg7 37.Rf3 Re2+
38.Rf2 Rxf2+ 39.Kxf2 Kf6 40.Be1 Kf5 41.Nd2 Bd6 42.Nc4 Be7 43.Ke2 Ke4 44.Nb2 h5
45.Nd3 Bd6 46.Bd2 g4 47.hxg4 hxg4 48.Nf2+ Kf5 49.Kd3 g3 50.Nh3 Kg4 51.Ng1 c5
52.bxc5 Bxc5 53.Be1 g2 54.Kc4 Ba7 55.Kd3 Bb8 56.Bf2 Bc7 57.Be1 Bd8 58.Ne2 Kh3
59.Nf4+ Kh2 60.Nxg2 Kxg2 61.Kxd4 Kf1 62.Bb4 Ke2 63.Kc4 Bc7 64.Kb3 Kd3 65.Ka4 Kc4
66.Be1 Bd6 67.Bd2 Bc5 68.Be1 b5+  1/2-1/2

[Event "4NCL 2013-14"]
[Site "Hinckley ENG"]
[Date "2014.05.04"]
[Round "10.114"]
[White "Sowray,P"]
[Black "Short,N"]
[Result "0-1"]
[WhiteElo "2323"]
[BlackElo "2680"]

1.d4 Nf6 2.c4 e6 3.Nc3 Bb4 4.e3 c5 5.Ne2 d6 6.a3 Ba5 7.Ng3 O-O 8.d5 a6 9.e4 b5
10.Be2 bxc4 11.O-O exd5 12.Nxd5 Nxd5 13.Qxd5 Ra7 14.Bf4 Be6 15.Qxd6 Rb7 16.Rac1 Qxd6
17.Bxd6 Rd8 18.e5 Rxb2 19.Bxc5 Bd2 20.Rb1 c3 21.Ra1 c2 22.Bd6 Rc8  0-1

[Event "PokerStars IoM Masters 2014"]
[Site "Douglas ENG"]
[Date "2014.10.10"]
[Round "7.5"]
[White "Short,N"]
[Black "Greenfeld,A"]
[Result "1-0"]
[WhiteElo "2646"]
[BlackElo "2542"]

1.e4 c5 2.Nc3 Nc6 3.g3 g6 4.Bg2 Bg7 5.d3 d6 6.Be3 Rb8 7.Qd2 b5 8.f4 b4 9.Nd1 Ba6
10.Ne2 e6 11.O-O Nf6 12.Nf2 O-O 13.a3 Bb7 14.axb4 cxb4 15.c4 bxc3 16.bxc3 Nd7
17.Bxa7 Nxa7 18.Rxa7 Qb6 19.Ra2 Ba8 20.d4 Bc6 21.Bf3 e5 22.Kg2 Rfe8 23.Rfa1 h5
24.Ra7 Rbd8 25.R1a6 Qb8 26.Rxc6 Qxa7 27.Rxd6 exf4 28.Nxf4 Nb6 29.Rxd8 Rxd8
30.Qd3 Qa2 31.e5 Qc4 32.e6 Qxd3 33.N2xd3 g5 34.exf7+ Kxf7 35.Bxh5+ Kf6 36.Ne2 Ra8
37.Nc5 Ra2 38.Kf3 Nd5 39.Ke4 Nb6 40.Kd3 Ke7 41.Bf3 Ra1 42.Ne4 Rd1+ 43.Kc2 Rf1
44.Bg2 Re1 45.Kd2 Ra1 46.Nxg5 Bh6 47.h4 Kf6 48.Nf4 Bxg5 49.hxg5+ Kxg5 50.Bf3 Kf5
51.Kd3 Kf6 52.Be2 Ra3 53.g4 Kg5 54.Ne6+ Kh4 55.Nc7 Ra7 56.Nb5 Ra2 57.Nd6 Nd5
58.Bd1 Ra1 59.Bb3 Nf4+ 60.Kd2 Kxg4 61.c4 Ne6 62.Nb5 Kf5 63.Kc3 Kf6 64.c5 Ke7
65.Bc2 Kd8 66.Bf5 Rc1+ 67.Kb4 Nc7 68.Nc3 Rf1 69.Be4 Re1 70.Bb7 Rg1 71.d5 Rg4+
72.Ka5 Rd4 73.d6 Ne8 74.Nb5 Rd2 75.Kb6 Rb2 76.Bf3 Rb3 77.Bd5 Rb2 78.Bc4 Rb4
79.Bd3 Rb3 80.Bg6  1-0

[Event "PokerStars IoM Masters 2014"]
[Site "Douglas ENG"]
[Date "2014.10.11"]
[Round "8.2"]
[White "Sargissian,G"]
[Black "Short,N"]
[Result "0-1"]
[WhiteElo "2690"]
[BlackElo "2646"]

1.d4 Nf6 2.c4 e6 3.Nf3 c5 4.d5 exd5 5.cxd5 d6 6.Nc3 g6 7.Bf4 a6 8.a4 Bg7
9.h3 O-O 10.e3 Ne8 11.Be2 Nd7 12.O-O Rb8 13.Nd2 Ne5 14.a5 f5 15.Bg3 Bd7 16.Qb3 b5
17.axb6 Rxb6 18.Qc2 Bb5 19.Nxb5 axb5 20.Nb3 g5 21.Na5 f4 22.Bh2 Nc7 23.Rfd1 Kh8
24.Qe4 Qf6 25.exf4 gxf4 26.Nb3 Na6 27.Nd2 c4 28.Qb1 Nc5 29.Ne4 Nxe4 30.Qxe4 Rb7
31.Ra5 Nd7 32.b4 cxb3 33.Bd3 Qh6 34.Qb4 Nc5 35.Bb1 Be5 36.Rxb5 Rg7 37.Be4 Nxe4
38.Qxe4 Qxh3 39.Kh1 Qh5  0-1

[Event "PokerStars IoM Masters 2014"]
[Site "Douglas ENG"]
[Date "2014.10.12"]
[Round "9.1"]
[White "Short,N"]
[Black "Howell,D"]
[Result "1-0"]
[WhiteElo "2646"]
[BlackElo "2657"]

1.c4 Nf6 2.Nc3 e6 3.d4 Bb4 4.e3 O-O 5.Bd3 c5 6.d5 exd5 7.cxd5 d6 8.Ne2 Nbd7
9.O-O a6 10.a4 Rb8 11.h3 Re8 12.Kh1 Ne5 13.Bc2 b5 14.axb5 axb5 15.e4 Bd7
16.f4 Ng6 17.Ng3 Ba5 18.f5 Ne5 19.Bg5 b4 20.Nce2 Bb5 21.Bxf6 gxf6 22.Nh5 b3
23.Bb1 Kh8 24.Rf4 Rg8 25.Rh4 Rg5 26.Ng1 c4 27.Rxa5 Qxa5 28.Nxf6 Kg7 29.Nxh7 Rh8
30.Qc1 f6 31.Nxf6 Kxf6 32.Rxh8 Nf7 33.Nf3 Rg3 34.e5+ dxe5 35.Rh6+ Ke7 36.Rg6 Rxf3
37.gxf3 Qa7 38.Qe1 Qc5 39.Qh4+ Kd7 40.Qf6 Nd8 41.Rg8 Qg1+  1-0

[Event "Zaw Win Lay Myanmar Open"]
[Site "Yangon MYA"]
[Date "2014.11.24"]
[Round "2.2"]
[White "May Hsu Lwin"]
[Black "Short,N"]
[Result "0-1"]
[WhiteElo "2059"]
[BlackElo "2661"]

1.d4 Nf6 2.c4 e6 3.Nf3 c5 4.e3 d5 5.Nc3 a6 6.a3 Nc6 7.dxc5 Bxc5 8.b4 Bd6
9.cxd5 exd5 10.Be2 O-O 11.O-O Be6 12.Bb2 b5 13.Rc1 Rc8 14.Bd3 Bg4 15.h3 Bxf3
16.Qxf3 Ne5 17.Qe2 Qd7 18.Rfd1 Qe6 19.Qf1 Nc4 20.Bxc4 dxc4 21.Ne2 Rfd8 22.Nd4 Qe5
23.g3 Ne4 24.Rc2 Qe8 25.Qg2 Bf8 26.Qf3 g6 27.h4 h5 28.Rdc1 Bg7 29.Kh2 Qe7
30.Qg2 Rd6 31.f3 Nf6 32.e4 Nxe4 33.Nxb5 axb5 34.Bxg7 Nxg3 35.Qxg3 Kxg7 36.Qg5 Qxg5
37.hxg5 Ra8 38.Rc3 Rd3 39.Rxd3 cxd3 40.Ra1 d2 41.Kg2 Rxa3  0-1